Touhid Aur Shirk (Record no. 325404)

000 -LEADER
fixed length control field 00327 a2200133 4500
001 - CONTROL NUMBER
control field 90331
003 - CONTROL NUMBER IDENTIFIER
control field NUST
082 ## - DEWEY DECIMAL CLASSIFICATION NUMBER
Classification number 297.2113 YOU
100 ## - MAIN ENTRY--PERSONAL NAME
Personal name Yousaf Salah u Din
9 (RLIN) 9829
245 ## - TITLE STATEMENT
Title Touhid Aur Shirk
Medium Urdu
260 ## - PUBLICATION, DISTRIBUTION, ETC.
Place of publication, distribution, etc. Lahore
Name of publisher, distributor, etc. Darussalam Publications
Date of publication, distribution, etc. 2012
300 ## - PHYSICAL DESCRIPTION
Extent 120p.
500 ## - GENERAL NOTE
General note General Books
942 ## - ADDED ENTRY ELEMENTS (KOHA)
Institution code [OBSOLETE] CAE NUST
Koha item type Book
Call number prefix 297.2113 YOU
Source of classification or shelving scheme
Holdings
Withdrawn status Lost status Damaged status Not for loan Collection code Permanent Location Current Location Date acquired Total Checkouts Full call number Barcode Date last seen Price effective from Koha item type
          College of Aeronautical Engineering (CAE) College of Aeronautical Engineering (CAE) 04/03/2017   297.2113 YOU CAE86243 04/05/2017 04/05/2017 Book
© 2023 Central Library, National University of Sciences and Technology. All Rights Reserved.